| 000 | 02543cam a2200421Ia 4500 | ||
|---|---|---|---|
| 001 | 192027120 | ||
| 003 | OSt | ||
| 005 | 20161205095416.0 | ||
| 008 | 080130s2008 enkb b 001 j eng d | ||
| 020 |
_a9780199536016 _q(pbk.) |
||
| 020 |
_a0199536015 _q(pbk.) |
||
| 035 | _a(OCoLC)192027120 | ||
| 040 |
_aUKM _beng _cUKM _dBTCTA _dBAKER _dYDXCP _dOCLCG _dOSU _dSGB _dBDX _dLMJ _dUPZ _dOCLCF _dOCLCA _dTWJ _dOCLCO _dOCL _dOCLCQ _dMRC |
||
| 043 |
_af------ _ae-uk--- |
||
| 082 | 0 | 4 |
_a823.914 _222 _bCGH |
| 090 |
_aPR6005.O4 _bH4 2008 |
||
| 100 | 1 |
_aConrad, Joseph, _d1857-1924. _957093 |
|
| 245 | 1 | 0 |
_aHeart of darkness and other tales / _cJoseph Conrad ; edited with an introduction and notes by Cedric Watts. |
| 250 | _aRev. ed. | ||
| 260 |
_aOxford : _bOxford University Press, _c2008. |
||
| 300 |
_axliv, 225 pages : _bmap ; _c20 cm. |
||
| 490 | 1 | _aOxford world's classics | |
| 490 | 1 | _aOxford world's classics (Oxford University Press) | |
| 500 | _aPrevious edition: 2002. | ||
| 504 | _aIncludes bibliographical references (pages xxxii-xxxvi) and index. | ||
| 505 | 0 | _aAn outpost of progress -- Karain : a memory -- Youth : a narrative -- Heart of darkness. | |
| 520 | _aSet in an atmosphere of mystery and menace, Heart of Darkness tells the story of Marlow's journey up the Congo River to meet the remarkable Mr. Kurtz. It reveals Conrad at the height of his powers as a writer of great vividness, intensity, and sophistication. An Outpost of Progress is also set in central Africa and offers a fiercely sardonic view of European imperialism. Karain, with its Malaysian setting, questions conventional ideas of the contrasts between races. Youth is a largely autobiographical account of an ill-fated voyage in which Marlow makes his first appearance. The four tales variously appraise the glamour, folly, and rapacity of imperial adventure. All are concerned with illusions and all, in their diverse ways, display the brilliance of Joseph Conrad, creator of exotic vistas, adventurous narratives, and acutely ironic insights into human nature and the bases of civilization. - Back cover. | ||
| 650 | 0 |
_aEuropeans _zAfrica _vFiction. _957094 |
|
| 650 | 0 |
_aSuffering _vFiction. _957095 |
|
| 651 | 0 |
_aGreat Britain _xColonies _zAfrica _vFiction. _957096 |
|
| 700 | 1 |
_aWatts, Cedric, _d1937- _957097 |
|
| 740 | 0 | 2 | _aOutpost of progress. |
| 740 | 0 | 2 | _aKarain: a memory. |
| 740 | 0 | 2 | _aYouth: a narrative. |
| 830 | 0 |
_aOxford world's classics. _957098 |
|
| 830 | 0 |
_aOxford world's classics (Oxford University Press) _957099 |
|
| 942 |
_2ddc _cBOOK |
||
| 999 |
_c39939 _d274439 |
||